Score 0/20 Timer 02:00
7 Plays Today
Question Answer Wrong Answers
VETERANS DAY: Veterans Day is an official United States public holiday True
80.2%
False
13.2%
ST PATRICK'S DAY: St. Patrick's Day is celebrated on April 17th False
77.9%
True
15.4%
HALLOWEEN: All Saints' Day is the day after Halloween True
77.4%
False
15.8%
CHRISTMAS: Traditionally, 10 reindeer are listed as pulling Santa's sleigh False
75.5%
True
17.9%
RAMADAN: Ramadan is the ninth month of the Islamic calendar True
75.2%
False
17.7%
THANKSGIVING: Canadian Thanksgiving takes place the month before American Thanksgiving True
73.5%
False
19.6%
KWANZAA: Kwanzaa is celebrated in February False
73.2%
True
20.1%
EASTER: Maundy Thursday is the day before Good Friday True
71.8%
False
21.6%
BURNS NIGHT: Burns Night is celebrated in Scotland on January 25th True
69.2%
False
23.8%
EASTER: The Easter Bunny was first depicted in 60 AD False
65.9%
True
27.4%
AUSTRALIA DAY: Australia Day is celebrated in January True
65.1%
False
28.2%
CHRISTMAS: In the song 'The Twelve Days of Christmas', there were twelve pipers leaping. False
64.1%
True
29.2%
CHINESE NEW YEAR: Chinese New Year never falls on a Tuesday False
60.9%
True
32.2%
DIWALI: Diwali takes place during the summer False
60.1%
True
33.1%
VALENTINE'S DAY: St. Valentine was Italian True
55.9%
False
37.5%
SAINTS DAYS: St. David's Day is on March 1st True
53.7%
False
39.3%
SAINTS DAYS: St. Stephen's Day is on December 26th True
51.8%
False
41.4%
INDEPENDENCE DAYS: Liberia does not have an Independence Day False
50.5%
True
42.6%
CINCO DE MAYO: Cinco de Mayo celebrates an 18th Century victory for Mexican forces over Spain False
44.8%
True
48.6%
HALLOWEEN: The most popular Halloween costume in the US is a ghost False
36.8%
True
56.6%

You're not logged in!

Compare scores with friends on all Sporcle quizzes.
OR
Log In

Sporcle TV

Today on Sporcle TV


Watch our educational content, quiz creation guides, and fun videos on Sporcle TV.

Show Comments

Extras

Top Quizzes Today


Score Distribution

Paid Content

Your Account Isn't Verified!

In order to create a playlist on Sporcle, you need to verify the email address you used during registration. Go to your Sporcle Settings to finish the process.

Report this User

Report this user for behavior that violates our Community Guidelines.

Details: